[Event "CZE-chT2F 1011"]
[Site "Czech Republic"]
[Date "2011.02.06"]
[Round "7.7"]
[White "Samu, Pavel"]
[Black "Baran, Rostislav"]
[Result "1-0"]
[WhiteElo "1934"]
[BlackElo "1935"]
[PlyCount "53"]
[EventDate "2010.10.17"]
[EventType "team-tourn"]
[EventRounds "11"]
[EventCountry "CZE"]
[SourceTitle "EXT 2012"]
[Source "ChessBase"]
[SourceDate "2011.11.24"]
[SourceVersion "1"]
[SourceVersionDate "2011.11.24"]
[SourceQuality "1"]
[WhiteTeam "Ostrava Mittal II"]
[BlackTeam "Dobra"]
[WhiteTeamCountry "CZE"]
[BlackTeamCountry "CZE"]

1. e4 e5 2. f4 exf4 3. Nf3 d5 4. exd5 Nf6 5. Bc4 Bd6 6. Qe2+ Qe7 7. Qxe7+ Kxe7 8. Nc3 a6 9. a4 Re8 10. 0-0 h6 11. d4 g5 12. h4 Nh7 13. Bd3 f5 14. Bd2 Kf6 15. Rae1 Bd7 16. b3 Nf8 17. Ne2 b5 18. axb5 axb5 19. Ne5 b4 20. Nc4 Be7 21. g3 Bb5 22. hxg5+ hxg5 23. gxf4 g4 24. Ng3 Bd7 25. Ne5 Bd6 26. Nh5+ Ke7 27. Nxd7+ 1-0